LEADER 01091nam a2200277 i 4500 001 000000155837 003 CaOOAMICUS 005 20061121000000.0 008 061121s1972 it u000 u ita u 013 $a133191 040 $aSeMil$bita 100 1 $aNabokov, Vladimir <1899-1977>.$0(OLS)http://semarc/name/50852 245 10$aNikolaj Gogol' /$cVladimir Nabokov ; traduzione di Annamaria Pelucchi. 260 $a[Milano] :$bArnoldo Mondadori Editore,$c1972. 300 $a181 p. ;$c21 cm. 490 0 $aSaggi ;$v41 500 $aFondo Ciprandi. 600 14$aGogol', Nikolaj Vasil'evi? <1809-1852>.$0(OLS)http://semarc/subject/17660 700 1 $aPelucchi, Annamaria.$0(OLS)http://semarc/name/60938 830 0$aSaggi ;$v41.$0(OLS)http://semarc/title/341 850 $aSeMil 852 $aSeMil$W1$xVenegono$y1$m1U II 18$j107665$B107665$CSeMilBibl$Z2$F117188 $81 941 1 $a1 961 $aOmaggio: Ciprandi dott. Paolo 996 $6245$aNikolaj Gogol'$9(OLS)http://semarc/title/228320 996 $6260$a[Milano] :$bArnoldo Mondadori Editore$9(OLS)http://semarc/publisher/29634 LEADER 01024nam a2200229 i 4500 001 000000052896 003 CaOOAMICUS 005 20120830000000.0 008 120830s1966 xx u000 u lat u 013 $a24068 040 $aSeMil$bita 100 1 $aMauro, Antonio.$0(OLS)http://semarc/name/26108 245 10$aDe Ecclesiae tributorum iure in vigenti disciplina :$bprincipia generalia ac synodales leges in variis regionibus latae /$cAntonius Mauro. 250 $aEditio Altera. 260 $aRomae :$bDesclée & Socii,$c1966. 300 $aXIV, 415 p. ;$c22 cm. 500 $aContiene : Bibliographia. 650 4$aDiritto canonico.$0(OLS)http://semarc/subject/207 850 $aSeMil 852 $aSeMil$W1$xVenegono$y1$m2H II 119$j19050$B19050$CSeMilBibl$Z2$F19052 $81 996 $6245$aDe Ecclesiae tributorum iure in vigenti disciplina :$bprincipia generalia ac synodales leges in variis regionibus latae$9(OLS)http://semarc/title/81328 996 $6260$aRomae :$bDesclée & Socii$9(OLS)http://semarc/publisher/33759